Vista normal Vista MARC

Entrada Materia (personas)

Número de registros utilizados en: 2

001 - CONTROL NUMBER

  • control field: 97337

003 - CONTROL NUMBER IDENTIFIER

  • control field: Co-BoUCM

005 - DATE AND TIME OF LATEST TRANSACTION

  • control field: 20190614113722.0

008 - FIXED-LENGTH DATA ELEMENTS

  • fixed length control field: 190614|| aca||aabn | a|a d

040 ## - CATALOGING SOURCE

  • Original cataloging agency: Co-BoUCM
  • Transcribing agency: Co-BoUCM

100 ## - HEADING--PERSONAL NAME

  • Personal name: Arana Muñoz, Jaime Rodríguez

670 ## - SOURCE DATA FOUND

  • Source citation: Work cat.: (Co-BoUCM)313433: Arana Muñoz, Jaime Rodríguez, Fuentes del derecho administrativo, 2010